A descriptive catalogue of palm-leaf manuscripts in Tamil / (Record no. 136615)
[ view plain ]
| 000 -LEADER | |
|---|---|
| fixed length control field | 00869nam a2200241 4500 |
| 010 ## - LIBRARY OF CONGRESS CONTROL NUMBER | |
| LC control number | A-828582 |
| 020 ## - INTERNATIONAL STANDARD BOOK NUMBER | |
| Terms of availability | 177.50 |
| 035 ## - SYSTEM CONTROL NUMBER | |
| System control number | A-828582 |
| 037 ## - SOURCE OF ACQUISITION | |
| Source of stock number/acquisition | Cen Lib / Ret |
| 040 ## - CATALOGING SOURCE | |
| Original cataloging agency | DPL |
| Language of cataloging | EN |
| 082 ## - DEWEY DECIMAL CLASSIFICATION NUMBER | |
| Classification number | 011.31 |
| Item number | HIK |
| 245 ## - TITLE STATEMENT | |
| Title | A descriptive catalogue of palm-leaf manuscripts in Tamil / |
| Statement of responsibility, etc | edited by Shu Hikosaka [and] G. John Samuel |
| 260 ## - PUBLICATION, DISTRIBUTION, ETC. (IMPRINT) | |
| Place of publication, distribution, etc | Madras |
| Name of publisher, distributor, etc | Institute of Asian Studies |
| Date of publication, distribution, etc | 1990 |
| 270 ## - ADDRESS | |
| Address | Institute of Asian Studies |
| City | Madras |
| Postal code | 600041 |
| 300 ## - PHYSICAL DESCRIPTION | |
| Extent | v 1(pt 1. 447) |
| Other physical details | 27cm(Hb) |
| 490 ## - SERIES STATEMENT | |
| Series statement | Publication (Institute of Asian Studies (Chennai, India)), |
| Volume number/sequential designation | no. 10, 12, 14, 17, 25, 29, 35, 51, 62. |
| 650 ## - SUBJECT ADDED ENTRY--TOPICAL TERM | |
| Topical term or geographic name as entry element | Manuscripts, Tamil -- Union lists. |
| 650 ## - SUBJECT ADDED ENTRY--TOPICAL TERM | |
| Topical term or geographic name as entry element | Palm-leaf manuscripts -- Union lists. |
| 650 ## - SUBJECT ADDED ENTRY--TOPICAL TERM | |
| Topical term or geographic name as entry element | Manuscripts, Tamil. |
| 700 ## - ADDED ENTRY--PERSONAL NAME | |
| Personal name | Hikosaka, Shu |
| 700 ## - ADDED ENTRY--PERSONAL NAME | |
| Personal name | Samuel, G. John |
| 942 ## - ADDED ENTRY ELEMENTS (KOHA) | |
| Source of classification or shelving scheme | Dewey Decimal Classification |
| Koha item type | English Books |
| Classification part | 011.31 |
| Call number suffix | HIK |
| Withdrawn status | Lost status | Materials specified (bound volume or other part) | Damaged status | Not for loan | Home library | Current library | Date acquired | Source of acquisition | Cost, normal purchase price | Total Checkouts | Full call number | Barcode | Date last seen | Cost, replacement price | Price effective from | Koha item type |
|---|---|---|---|---|---|---|---|---|---|---|---|---|---|---|---|---|
| v 1(pt 1) | Central Library | Central Library | 05/03/2016 | Cen Lib/Ret | 177.50 | 011.31 HIK | A-828582 | 05/03/2016 | 177.50 | 05/03/2016 | English Books |
